000
00330 a2200145 4500
001
61457
020
_a
040
_c
Anchieta - Pituba
240
1
0
_a
Aparelho Locomotor ll
_l
por
245
1
0
_a
Aparelho Locomotor ll
300
_a
58
362
0
_a
1990
650
4
_a
BIOLOGIA, CIÊNICAS DA VIDA (CIÊNCIAS NATURAIS)
942
_c
BK
999
_c
61457
_d
61457